00348nam a2200133Ia 450000500170000000800410001702000150005808200130007324500210008626000380010730000130014550000260015870000300018420250430011626.0240331s9999 xx 000 0 und d a9558503002 bPOOa891 0aPoolan Devi - 3 aPoogodabGimanee Publishersc2001 a132 p ., aA Book of Poolan Devi aLeelaratana , Upaalieedt